| 000 | 01203nac a22003251i 4500 | ||
|---|---|---|---|
| 003 | EG-ScBUE | ||
| 005 | 20240929101431.0 | ||
| 008 | 240929t2002 njuac f b 001 0 eng d | ||
| 020 | _a0130620416 (pbk.) | ||
| 020 | _a9780130620415 | ||
| 040 |
_aEG-ScBUE _beng _erda _cEG-ScBUE _dEG-ScBUE |
||
| 082 | 0 | 4 |
_a515 _bEDW _222 |
| 100 | 1 |
_aEdwards, C. H., _q(Charles Henry), _d1937-. _eauthor. |
|
| 245 | 1 | 0 |
_aSingle variable calculus / _cC. Henry Edwards, The University of Georgia, Athens, David E. Penney, The University of Georgia, Athens. |
| 250 | _aSixth edition. | ||
| 264 | 1 |
_aUpper Saddle River, N.J. : _bPrentice Hall, _c[2002] |
|
| 264 | 4 | _cc2002 | |
| 300 |
_axix, 769, [85], [9], [3] pages : _billustrations (some color), portraits (some color) ; _c28 cm + _e1 CD |
||
| 336 |
_2rdacontent _atext _btxt |
||
| 336 |
_2rdacontent _asounds _bsnd |
||
| 337 |
_aunmediated _2rdamedia _bn |
||
| 337 |
_aaudio _2rdamedia _bs |
||
| 338 |
_avolume _bnc _2rdacarrier |
||
| 338 |
_acomputer disc _bcd _2rdacarrier |
||
| 504 | _aIncludes bibliographical references and index. | ||
| 650 | 7 |
_aCalculus. _2BUEsh |
|
| 655 | _vReading book | ||
| 700 | 1 |
_aPenney, David E., _eauthor. |
|
| 942 |
_cBB _2ddc |
||
| 999 |
_c1318 _d1318 |
||